00301 a2200133 450000100060000002000150000604000240002124000310004524500260007630000070010236200090010944000180011865000310013645058 a8506039223 cAnchieta - Aquarius10aPoemas com sol e sonslpor10aPoemas com sol e sons a720 a2006 1aMelhoramentos 4aLiteratura infanto-juvenil